Reminiscence (Record no. 8654)

MARC details
000 -LEADER
fixed length control field 00563nam a22001817a 4500
003 - CONTROL NUMBER IDENTIFIER
control field OSt
005 - DATE AND TIME OF LATEST TRANSACTION
control field 20260306015622.0
008 - FIXED-LENGTH DATA ELEMENTS--GENERAL INFORMATION
fixed length control field 260306b |||||||| |||| 00| 0 eng d
020 ## - INTERNATIONAL STANDARD BOOK NUMBER
International Standard Book Number 978-971-510-338-1
040 ## - CATALOGING SOURCE
Original cataloging agency DWC-Main lib
Transcribing agency OC
082 ## - DEWEY DECIMAL CLASSIFICATION NUMBER
Classification number SC. 922 L429r 2025
100 ## - MAIN ENTRY--PERSONAL NAME
Personal name Layugan, Michael G.
245 ## - TITLE STATEMENT
Title Reminiscence
Statement of responsibility, etc. Michael G. Layugan
260 ## - PUBLICATION, DISTRIBUTION, ETC.
Place of publication, distribution, etc. manila, Philippines:
Name of publisher, distributor, etc. Logos Publications, Inc.,
Date of publication, distribution, etc. c2025.
300 ## - PHYSICAL DESCRIPTION
Extent 348 pages:
Other physical details illustrations;
Dimensions 30 cm.
650 ## - SUBJECT ADDED ENTRY--TOPICAL TERM
Topical term or geographic name entry element 1, Christian missionaries--Society of Divine Word.
942 ## - ADDED ENTRY ELEMENTS (KOHA)
Source of classification or shelving scheme Dewey Decimal Classification
Koha item type Special Collection
Call number prefix SC
Suppress in OPAC No
952 ## - LOCATION AND ITEM INFORMATION (KOHA)
--
Holdings
Withdrawn status Lost status Source of classification or shelving scheme Damaged status Not for loan Home library Current library Shelving location Date acquired Cost, normal purchase price Total Checkouts Full call number Barcode Date last seen Copy number Price effective from Koha item type Uniform Resource Identifier
    Dewey Decimal Classification     College Library College Library Special Collection 01/20/2026 0.00   SC. 922 L429r 2025 54614 03/06/2026 c1 03/06/2026 SC